000 00329 a2200109 4500
001 ART_2340
005 20260410161725.0
008 260409a
245 1 0 _aMovilidad internacional de fondos
100 1 _aMarcel, Alberto E.
773 0 _tAdministración de empresas
_g- Año XVI, Nº 182 (mayo 1985)
_wREV2036
999 _c17309
_d17309